<?xml version="1.0" encoding="UTF-8"?><?xml-stylesheet type="text/xsl" href="static/style.xsl"?><OAI-PMH xmlns="http://www.openarchives.org/OAI/2.0/" xmlns:xsi="http://www.w3.org/2001/XMLSchema-instance" xsi:schemaLocation="http://www.openarchives.org/OAI/2.0/ http://www.openarchives.org/OAI/2.0/OAI-PMH.xsd"><responseDate>2026-04-19T06:33:59Z</responseDate><request verb="GetRecord" identifier="oai:riubu.ubu.es:10259/10515" metadataPrefix="marc">https://riubu.ubu.es/oai/request</request><GetRecord><record><header><identifier>oai:riubu.ubu.es:10259/10515</identifier><datestamp>2025-06-05T00:06:02Z</datestamp><setSpec>com_10259_6171</setSpec><setSpec>com_10259_5086</setSpec><setSpec>com_10259_2604</setSpec><setSpec>col_10259_6172</setSpec></header><metadata><record xmlns="http://www.loc.gov/MARC21/slim" xmlns:doc="http://www.lyncode.com/xoai" xmlns:xsi="http://www.w3.org/2001/XMLSchema-instance" xmlns:dcterms="http://purl.org/dc/terms/" xsi:schemaLocation="http://www.loc.gov/MARC21/slim http://www.loc.gov/standards/marcxml/schema/MARC21slim.xsd">
<leader>00925njm 22002777a 4500</leader>
<datafield tag="042" ind1=" " ind2=" ">
<subfield code="a">dc</subfield>
</datafield>
<datafield tag="720" ind1=" " ind2=" ">
<subfield code="a">Revilla Cuesta, Víctor</subfield>
<subfield code="e">author</subfield>
</datafield>
<datafield tag="720" ind1=" " ind2=" ">
<subfield code="a">Espinosa González, Ana Belén</subfield>
<subfield code="e">author</subfield>
</datafield>
<datafield tag="720" ind1=" " ind2=" ">
<subfield code="a">Fiol Olivan, Francisco</subfield>
<subfield code="e">author</subfield>
</datafield>
<datafield tag="720" ind1=" " ind2=" ">
<subfield code="a">Serrano López, Roberto</subfield>
<subfield code="e">author</subfield>
</datafield>
<datafield tag="720" ind1=" " ind2=" ">
<subfield code="a">Skaf Revenga, Marta</subfield>
<subfield code="e">author</subfield>
</datafield>
<datafield tag="260" ind1=" " ind2=" ">
<subfield code="c">2025-07</subfield>
</datafield>
<datafield tag="520" ind1=" " ind2=" ">
<subfield code="a">Glass Fiber-Reinforced Polymer (GFRP) can be separated from the other components of wind-turbine blades by mechanical cutting, and subsequently knife crushed. The resulting Selectively Crushed Wind-Turbine Blade (SCWTB) is mostly composed of GFRP-composite fibers, with small contents of porous particles of balsa wood and polymers. SCWTB can be used as non-corrosive reinforcement in concrete, although it modifies its porosity. This study analyzes the effect of up to 6.0 % vol. SCWTB on the porosity and water transport of concrete. The effective porosity and water-absorption rate from water absorption under capillarity revealed that SCWTB favored water entry within the concrete and increased porosity. However, no noticeable increase in water ingress was found in the short term (water penetration under pressure) and in the long term under full immersion up to 4.5 % SCWTB. The GFRP-composite fibers acted as barriers against water passage, and the skin successfully sealed the concrete. 6.0 % SCWTB notably increased the water ingress due to the incorporation of the porous particles that it contained to the capillary pore network of concrete, acting as water-storage points with adequate continuity with the cementitious matrix. Nevertheless, chloride-penetration depths remained always lower than the standard concrete covers for reinforcement, although its diffusion coefficient did increase. In general, SCWTB additions between 1.5 % and 4.5 % did not statistically affect the water-related behavior of concrete. Finally, concrete containing SCWTB exhibited a better water-transport performance than concrete with raw-crushed wind-turbine blade, a waste obtained through blade crushing in a non-selective way that contains higher proportions of porous particles.</subfield>
</datafield>
<datafield tag="024" ind2=" " ind1="8">
<subfield code="a">2214-5095</subfield>
</datafield>
<datafield tag="024" ind2=" " ind1="8">
<subfield code="a">http://hdl.handle.net/10259/10515</subfield>
</datafield>
<datafield tag="024" ind2=" " ind1="8">
<subfield code="a">10.1016/j.cscm.2025.e04821</subfield>
</datafield>
<datafield ind1=" " ind2=" " tag="653">
<subfield code="a">Selectively crushed wind-turbine blade</subfield>
</datafield>
<datafield ind1=" " ind2=" " tag="653">
<subfield code="a">Concrete</subfield>
</datafield>
<datafield ind1=" " ind2=" " tag="653">
<subfield code="a">Water-absorption rate</subfield>
</datafield>
<datafield ind1=" " ind2=" " tag="653">
<subfield code="a">Effective porosity</subfield>
</datafield>
<datafield ind1=" " ind2=" " tag="653">
<subfield code="a">Chloride penetration</subfield>
</datafield>
<datafield ind1=" " ind2=" " tag="653">
<subfield code="a">Water-storage points</subfield>
</datafield>
<datafield tag="245" ind1="0" ind2="0">
<subfield code="a">Exploring the behavior of concrete containing selectively crushed wind-turbine blade from a water-transport perspective</subfield>
</datafield>
</record></metadata></record></GetRecord></OAI-PMH>